Catálogo
 En Linea

Living architecture : (Registro nro. 39466)

Detalles MARC
000 -CABECERA
campo de control de longitud fija 00642nam a2200181 a 4500
001 - NÚMERO DE CONTROL
campo de control 000039976
005 - FECHA Y HORA DE LA ÚLTIMA TRANSACCIÓN
campo de control 20201002033837.0
008 - DATOS DE LONGITUD FIJA--INFORMACIÓN GENERAL
campo de control de longitud fija 130801s1968 enka 000 0 spa d
020 ## - NÚMERO INTERNACIONAL ESTÁNDAR DEL LIBRO
ISBN cancelado o inválido 356007634
040 ## - FUENTE DE LA CATALOGACIÓN
Centro catalogador/agencia de origen DO-SdBNP
Lengua de catalogación spa
Centro/agencia transcriptor BNPHU
082 ## - NÚMERO DE LA CLASIFICACIÓN DECIMAL DEWEY
Número de clasificación xxx
Número de documento/Ítem S855L
100 1# - ENTRADA PRINCIPAL--NOMBRE DE PERSONA
Nombre de persona Stierlin, Henri
9 (RLIN) 66198
245 10 - MENCIÓN DE TÍTULO
Título Living architecture :
Resto del título ancient Mexican /
Mención de responsabilidad, etc. Text and photographs by Henri Stierlin. Pref. by Vladimir Kaspe. English translation: Marion Shapiro.
260 ## - PUBLICACIÓN, DISTRIBUCIÓN, ETC.
Lugar de publicación, distribución, etc. London
-- Macdonald & Co,
Fecha de publicación, distribución, etc. 1968.
300 ## - DESCRIPCIÓN FÍSICA
Extensión 192 P. :
Otras características físicas illus., maps. ;
Dimensiones 22 cm.
500 ## - NOTA GENERAL
Nota general Cover title: Ancient Mexican architecture.
504 ## - NOTA DE BIBLIOGRAFÍA, ETC.
Nota de bibliografía, etc. Bibliography : p. 189
Existencias
Estado de retiro Estado de pérdida Restricciones de uso No para préstamo Código de colección Localización permanente Ubicación/localización actual Ubicación en estantería Fecha de adquisición Número de inventario Total de préstamos Signatura topográfica completa Código de barras Fecha visto por última vez Precio válido a partir de Tipo de ítem Koha
      Excluido de préstamo Monografías: Libros y Folletos General General En catalogación 01.08.2013 LF1   xxx S855L 39976-10 25.06.2020 25.06.2020 No se presta

Con tecnología Koha